The full moon night / (Record no. 25843)
[ view plain ]
| 000 -LEADER | |
|---|---|
| fixed length control field | 00799nam a22002177a 4500 |
| 005 - DATE AND TIME OF LATEST TRANSACTION | |
| control field | 20190515155611.0 |
| 010 ## - LCCN (DPL NO) | |
| LC control number | B-284501, B-231449 |
| 020 ## - INTERNATIONAL STANDARD BOOK NUMBER | |
| International Standard Book Number | 8186849165 |
| Terms of availability | 175.00 |
| 035 ## - SYSTEM CONTROL NUMBER | |
| System control number | B-284501, B-061181, B-231449, B-231447,B-231447 |
| 037 ## - SOURCE OF ACQUISITION | |
| Source of stock number/acquisition | Pansy Books |
| 082 ## - DEWEY DECIMAL CLASSIFICATION NUMBER | |
| Classification number | S |
| 100 ## - MAIN ENTRY--PERSONAL NAME | |
| Personal name | Krishan Chander |
| 245 ## - TITLE STATEMENT | |
| Title | The full moon night / |
| Statement of responsibility, etc | by Krishan Chander; translated by Jai Ratan |
| 260 ## - PUBLICATION, DISTRIBUTION, ETC. (IMPRINT) | |
| Place of publication, distribution, etc | Delhi |
| Name of publisher, distributor, etc | Asia Publisher |
| Date of publication, distribution, etc | 2001 |
| 270 ## - ADDRESS | |
| Address | A-36, Chetak Apartment, Sector-9, Rohini |
| Postal code | 110085 |
| City | Delhi |
| Telephone number | 7561823, 7552726 |
| 300 ## - PHYSICAL DESCRIPTION | |
| Extent | 135p. |
| Dimensions | 22cm. (Hb) |
| 700 ## - ADDED ENTRY--PERSONAL NAME | |
| Personal name | Jai Ratan |
| 942 ## - ADDED ENTRY ELEMENTS (KOHA) | |
| Source of classification or shelving scheme | Dewey Decimal Classification |
| Item type | English Books |
| Classification part | S |
| Call number suffix | KRI |
| Withdrawn status | Lost status | Not for loan | Collection code | Home library | Current library | Date acquired | Source of acquisition | Cost, normal purchase price | Full call number | Barcode | Copy number | Cost, replacement price | Koha item type |
|---|---|---|---|---|---|---|---|---|---|---|---|---|---|
| Fiction | Patel Nagar | Patel Nagar | 10/07/2018 | BPPD/Pub | 200.00 | S KRI | B-061181 | 200.00 | English Books | ||||
| Fiction | R.C.Libraries (zls) | R.C.Libraries (zls) | 08/11/2018 | 200.00 | S KRI | B-231449 | 1 | 200.00 | English Books | ||||
| Non-fiction | Vigyan Vihar | Vigyan Vihar | 14/03/2019 | BPPD | 200.00 | S KRI | B-231447 | 200.00 | English Books | ||||
| Fiction | Vinoba Puri | Vinoba Puri | 22/04/2009 | Pansy/782/5.8.08/184/21.7.08/13.8.08 | 175.00 | S KRI | B-284501 | 1 | 175.00 | English Books | |||
| Fiction | Yojana Vihar | Yojana Vihar | 08/08/2019 | BPPD/PUB | 200.00 | S KRI | B-231446 | 200.00 | English Books |
